Statistiche per Elenca la formazione - Quiz n°12

Clicka qui per fare il quiz!

Statistiche generali

  • Questo quiz è stato fatto 24 volte
  • Il punteggio medio è 9 su 11

Statistiche sulle risposte

RuoloNazioneCalciatore% Corretto
PortiereSenegalEdouard Mendy
100%
CentrocampistaBrasile / ItaliaJorginho
96%
DifensoreBrasileThiago Silva
91%
DifensoreGermaniaAntonio Rüdiger
87%
DifensoreSpagnaCésar Azpilicueta
87%
AttaccanteGermaniaKai Havertz
87%
CentrocampistaFranciaN'Golo Kanté
87%
AttaccanteGermaniaTimo Werner
87%
AttaccanteInghilterraMason Mount
83%
CentrocampistaInghilterraBen Chilwell
61%
CentrocampistaInghilterraReece James
61%

Distribuzione punteggi

Percentile per numero di risposta

Percentuale di utenti per punteggio

I tuoi punteggi nel tempo

Non hai fatto questo quiz